[Event "Stay Safe Play From Home 365"]
[Site "Emanuel Lasker Arena"]
[Date "2020.08.07"]
[Round "9"]
[White "Lazieri3"]
[Black "Lamborghini"]
[Result "0-1"]
[WhiteElo "2071"]
[BlackElo "2338"]
[PlyCount "100"]
[EventDate "2020.08.07"]
[EventType "swiss (blitz)"]

1. e4 {[%emt 0:00:01]} c5 {[%emt 0:00:01]} 2. Nc3 {[%emt 0:00:00]} d6 {[%emt 0:00:00]} 3. d3 {[%emt 0:00:00]} Nc6 {[%emt 0:00:01]} 4. Nf3 {[%emt 0:00:00]} e5 {[%emt 0:00:01]} 5. Bg5 {[%emt 0:00:01]} Be7 {[%emt 0:00:00]} 6. Bxe7 {[%emt 0:00:01]} Ngxe7 {[%emt 0:00:00]} 7. g3 {[%emt 0:00:01]} Be6 {[%emt 0:00:02]} 8. Bg2 {[%emt 0:00:01]} f6 {[%emt 0:00:00]} 9. O-O {[%emt 0:00:00]} g5 {[%emt 0:00:01]} 10. Qd2 {[%emt 0:00:01]} h5 {[%emt 0:00:01]} 11. h4 {[%emt 0:00:02]} gxh4 {[%emt 0:00:01]} 12. Nxh4 {[%emt 0:00:00]} Rg8 {[%emt 0:00:01]} 13. Nd5 {[%emt 0:00:03]} Bxd5 {[%emt 0:00:06]} 14. exd5 {[%emt 0:00:00]} Nd4 {[%emt 0:00:01]} 15. c3 {[%emt 0:00:01]} Nb5 {[%emt 0:00:01]} 16. a4 {[%emt 0:00:02]} Nc7 {[%emt 0:00:01]} 17. c4 {[%emt 0:00:01]} Qd7 {[%emt 0:00:01]} 18. Qh6 {[%emt 0:00:02]} O-O-O {[%emt 0:00:04]} 19. Qxf6 {[%emt 0:00:01]} Rdf8 {[%emt 0:00:01]} 20. Qh6 {[%emt 0:00:02]} Kb8 {[%emt 0:00:01]} 21. Kh2 {[%emt 0:00:01]} Nf5 {[%emt 0:00:02]} 22. Nxf5 {[%emt 0:00:01]} Qxf5 {[%emt 0:00:01]} 23. Bh3 {[%emt 0:00:01]} Qxd3 {[%emt 0:00:02]} 24. Qxd6 {[%emt 0:00:06]} h4 {[%emt 0:00:02]} 25. Qxe5 {[%emt 0:00:06]} Rxf2+ {[%emt 0:00:01]} 26. Rxf2 {[%emt 0:00:05]} hxg3+ {[%emt 0:00:01]} 27. Kh1 {[%emt 0:00:04]} gxf2 {[%emt 0:00:01]} 28. Bg2 {[%emt 0:00:03]} Qh7+ {[%emt 0:00:02]} 29. Qh2 {[%emt 0:00:01]} Qg7 {[%emt 0:00:01]} 30. Rf1 {[%emt 0:00:02]} Rh8 {[%emt 0:00:03]} 31. d6 {[%emt 0:00:02]} Rxh2+ {[%emt 0:00:01]} 32. Kxh2 {[%emt 0:00:01]} Ne6 {[%emt 0:00:00]} 33. d7 {[%emt 0:00:01]} Qe5+ {[%emt 0:00:00]} 34. Kh3 {[%emt 0:00:01]} Kc7 {[%emt 0:00:00]} 35. Rxf2 {[%emt 0:00:01]} Ng5+ {[%emt 0:00:01]} 36. Kg4 {[%emt 0:00:00]} Ne6 {[%emt 0:00:01]} 37. Rf7 {[%emt 0:00:01]} Nd8 {[%emt 0:00:01]} 38. Rf8 {[%emt 0:00:01]} Qe2+ {[%emt 0:00:00]} 39. Rf3 {[%emt 0:00:00]} Qe6+ {[%emt 0:00:01]} 40. Kf4 {[%emt 0:00:00]} Qxd7 {[%emt 0:00:01]} 41. Kg3 {[%emt 0:00:00]} Qd6+ {[%emt 0:00:00]} 42. Kf2 {[%emt 0:00:00]} Ne6 {[%emt 0:00:00]} 43. Rf7+ {[%emt 0:00:01]} Kd8 {[%emt 0:00:02]} 44. Rf3 {[%emt 0:00:00]} Nd4 {[%emt 0:00:00]} 45. Rd3 {[%emt 0:00:00]} Qf6+ {[%emt 0:00:00]} 46. Ke3 {[%emt 0:00:00]} Kc7 {[%emt 0:00:00]} 47. Kd2 {[%emt 0:00:00]} Kb6 {[%emt 0:00:00]} 48. Kc3 {[%emt 0:00:00]} Ka5 {[%emt 0:00:00]} 49. Rxd4 {[%emt 0:00:00]} Qxd4+ {[%emt 0:00:02]} 50. Kb3 {[%emt 0:00:00]} Qf2 {[%emt 0:00:00] Time Time Time Time Time (Lag: Av=0.50s, max=0.9s) (Lag: Av=0.50s, max=0.9s) (Lag: Av=0.50s, max=0.9s) (Lag: Av=0.50s, max=0.9s) (Lag: Av=0.50s, max=0.9s)} 0-1

[Event "Stay Safe Play From Home 365"]
[Site "Emanuel Lasker Arena"]
[Date "2020.08.07"]
[Round "9"]
[White "TheCHESSHOUSE"]
[Black "Batabat1955"]
[Result "1-0"]
[WhiteElo "2027"]
[BlackElo "1980"]
[Annotator "NA"]
[PlyCount "79"]
[EventDate "2020.08.07"]
[EventType "swiss (blitz)"]

1. d4 {[%emt 0:00:01]} e6 {[%emt 0:00:02]} 2. c4 {[%emt 0:00:00]} d5 {[%emt 0:00:00]} 3. g3 {[%emt 0:00:01]} Nf6 {[%emt 0:00:01]} 4. Bg2 {[%emt 0:00:01]} c6 {[%emt 0:00:00]} 5. Nf3 {[%emt 0:00:00]} Be7 {[%emt 0:00:01]} 6. O-O {[%emt 0:00:00]} Nbd7 {[%emt 0:00:00]} 7. Nbd2 {[%emt 0:00:00]} O-O {[%emt 0:00:00]} 8. b3 {[%emt 0:00:00]} b6 {[%emt 0:00:01]} 9. Bb2 {[%emt 0:00:00]} Bb7 {[%emt 0:00:00]} 10. Rc1 {[%emt 0:00:00]} Rc8 {[%emt 0:00:00]} 11. Qc2 {[%emt 0:00:00]} c5 {[%emt 0:00:01]} 12. Rfd1 {[%emt 0:00:00]} cxd4 {[%emt 0:00:01]} 13. Nxd4 {[%emt 0:00:00]} Re8 {[%emt 0:00:04]} 14. Qb1 {[%emt 0:00:01]} Nf8 {[%emt 0:00:01]} 15. cxd5 {[%emt 0:00:04]} exd5 {[%emt 0:00:02]} 16. Nf5 {[%emt 0:00:01]} Rxc1 {[%emt 0:00:02]} 17. Rxc1 {[%emt 0:00:01]} Bc5 {[%emt 0:00:01]} 18. e3 {[%emt 0:00:01]} Ng6 {[%emt 0:00:01]} 19. a3 {[%emt 0:00:03]} Qd7 {[%emt 0:00:02]} 20. b4 {[%emt 0:00:02]} Bf8 {[%emt 0:00:01]} 21. Nb3 {[%emt 0:00:01]} Ne4 {[%emt 0:00:03]} 22. Nbd4 {[%emt 0:00:01]} Bc8 {[%emt 0:00:03]} 23. h4 {[%emt 0:00:05]} Ne5 {[%emt 0:00:02]} 24. h5 {[%emt 0:00:02]} Nc4 {[%emt 0:00:01]} 25. Nh4 {[%emt 0:00:07]} Nxb2 {[%emt 0:00:02]} 26. Qxb2 {[%emt 0:00:00]} Be7 {[%emt 0:00:02]} 27. Nhf5 {[%emt 0:00:01]} Bf6 {[%emt 0:00:01]} 28. Qc2 {[%emt 0:00:04]} Qd8 {[%emt 0:00:02]} 29. Nc6 {[%emt 0:00:02]} Qc7 {[%emt 0:00:03]} 30. Nfd4 {[%emt 0:00:01]} Qe5 {[%emt 0:00:04]} 31. Nxe5 {[%emt 0:00:01]} Bxe5 {[%emt 0:00:00]} 32. Qxc8 {[%emt 0:00:02]} Kf8 {[%emt 0:00:01]} 33. Qc6 {[%emt 0:00:03]} h6 {[%emt 0:00:04]} 34. Qxd5 {[%emt 0:00:01]} Nf6 {[%emt 0:00:01]} 35. Qb7 {[%emt 0:00:02]} g6 {[%emt 0:00:02]} 36. hxg6 {[%emt 0:00:01]} fxg6 {[%emt 0:00:00]} 37. Rc6 {[%emt 0:00:01]} Re7 {[%emt 0:00:00]} 38. Qc8+ {[%emt 0:00:01]} Kf7 {[%emt 0:00:00]} 39. Ne6 {[%emt 0:00:02]} Nd5 {[%emt 0:00:02]} 40. Qf8# {[%emt 0:00:01] (Lag: Av=0.88s, max=1.4s) (Lag: Av=0.88s, max=1.4s) (Lag: Av=0.88s, max=1.4s) (Lag: Av=0.88s, max=1.4s) (Lag: Av=0.88s, max=1.4s)} 1-0

[Event "Stay Safe Play From Home 365"]
[Site "Emanuel Lasker Arena"]
[Date "2020.08.07"]
[Round "9"]
[White "Cirovicz"]
[Black "AChessPlayer"]
[Result "1-0"]
[WhiteElo "1858"]
[BlackElo "2469"]
[PlyCount "141"]
[EventDate "2020.08.07"]
[EventType "swiss (blitz)"]

1. e4 {[%emt 0:00:01]} c6 {[%emt 0:00:00]} 2. Nf3 {[%emt 0:00:01]} d5 {[%emt 0:00:00]} 3. exd5 {[%emt 0:00:00]} cxd5 {[%emt 0:00:00]} 4. d4 {[%emt 0:00:00]} Nc6 {[%emt 0:00:00]} 5. c4 {[%emt 0:00:00]} Nf6 {[%emt 0:00:02]} 6. Nc3 {[%emt 0:00:00]} e6 {[%emt 0:00:00]} 7. cxd5 {[%emt 0:00:01]} Nxd5 {[%emt 0:00:00]} 8. Bb5 {[%emt 0:00:01]} Be7 {[%emt 0:00:02]} 9. Bxc6+ {[%emt 0:00:01]} bxc6 {[%emt 0:00:01]} 10. Nxd5 {[%emt 0:00:00]} cxd5 {[%emt 0:00:01]} 11. O-O {[%emt 0:00:00]} O-O {[%emt 0:00:00]} 12. Bf4 {[%emt 0:00:01]} a5 {[%emt 0:00:00]} 13. Qd2 {[%emt 0:00:01]} Qb6 {[%emt 0:00:01]} 14. b3 {[%emt 0:00:01]} Ba6 {[%emt 0:00:00]} 15. Rfc1 {[%emt 0:00:02]} Rfc8 {[%emt 0:00:02]} 16. Bg5 {[%emt 0:00:01]} Ba3 {[%emt 0:00:01]} 17. Rxc8+ {[%emt 0:00:02]} Rxc8 {[%emt 0:00:00]} 18. Be3 {[%emt 0:00:03]} Bb4 {[%emt 0:00:01]} 19. Qd1 {[%emt 0:00:02]} Bc3 {[%emt 0:00:04]} 20. Rc1 {[%emt 0:00:01]} Qb4 {[%emt 0:00:02]} 21. Bd2 {[%emt 0:00:01]} Bxd2 {[%emt 0:00:08]} 22. Qxd2 {[%emt 0:00:01]} Qxd2 {[%emt 0:00:03]} 23. Rxc8+ {[%emt 0:00:02]} Bxc8 {[%emt 0:00:00]} 24. Nxd2 {[%emt 0:00:00]} Kf8 {[%emt 0:00:00]} 25. f3 {[%emt 0:00:01]} f6 {[%emt 0:00:00]} 26. Kf2 {[%emt 0:00:00]} Ke7 {[%emt 0:00:00]} 27. Ke3 {[%emt 0:00:00]} Kd6 {[%emt 0:00:00]} 28. f4 {[%emt 0:00:01]} h6 {[%emt 0:00:02]} 29. g3 {[%emt 0:00:01]} g5 {[%emt 0:00:01]} 30. h4 {[%emt 0:00:02]} gxh4 {[%emt 0:00:03]} 31. gxh4 {[%emt 0:00:01]} Ba6 {[%emt 0:00:02]} 32. Nf3 {[%emt 0:00:01]} Bf1 {[%emt 0:00:01]} 33. Nd2 {[%emt 0:00:01]} Bh3 {[%emt 0:00:01]} 34. a3 {[%emt 0:00:02]} Bf5 {[%emt 0:00:00]} 35. b4 {[%emt 0:00:01]} axb4 {[%emt 0:00:00]} 36. axb4 {[%emt 0:00:01]} Kc6 {[%emt 0:00:00]} 37. Nb3 {[%emt 0:00:01]} Kb5 {[%emt 0:00:01]} 38. Nc5 {[%emt 0:00:01]} Kxb4 {[%emt 0:00:00]} 39. Nd7 {[%emt 0:00:01]} Kc3 {[%emt 0:00:04]} 40. Nxf6 {[%emt 0:00:01]} Bh3 {[%emt 0:00:02]} 41. Ng8 {[%emt 0:00:01]} h5 {[%emt 0:00:01]} 42. Nf6 {[%emt 0:00:01]} Bf5 {[%emt 0:00:06]} 43. Nxh5 {[%emt 0:00:01]} Kc4 {[%emt 0:00:00]} 44. Ng7 {[%emt 0:00:01]} Bh7 {[%emt 0:00:01]} 45. h5 {[%emt 0:00:00]} Kb5 {[%emt 0:00:00]} 46. h6 {[%emt 0:00:00]} Kc6 {[%emt 0:00:00]} 47. Nxe6 {[%emt 0:00:01]} Kd6 {[%emt 0:00:00]} 48. Ng5 {[%emt 0:00:00]} Bg6 {[%emt 0:00:01]} 49. h7 {[%emt 0:00:01]} Bxh7 {[%emt 0:00:00]} 50. Nxh7 {[%emt 0:00:01]} Ke6 {[%emt 0:00:00]} 51. Ng5+ {[%emt 0:00:01]} Kf5 {[%emt 0:00:00]} 52. Nf3 {[%emt 0:00:00]} Kg4 {[%emt 0:00:00]} 53. Ne5+ {[%emt 0:00:00]} Kf5 {[%emt 0:00:00]} 54. Nd7 {[%emt 0:00:00]} Ke6 {[%emt 0:00:00]} 55. Nb6 {[%emt 0:00:00]} Kf6 {[%emt 0:00:00]} 56. Nxd5+ {[%emt 0:00:01]} Kf5 {[%emt 0:00:00]} 57. Kf3 {[%emt 0:00:01]} Ke6 {[%emt 0:00:00]} 58. Ke4 {[%emt 0:00:00]} Kd6 {[%emt 0:00:00]} 59. f5 {[%emt 0:00:00]} Kc6 {[%emt 0:00:01]} 60. f6 {[%emt 0:00:00]} Kd7 {[%emt 0:00:00]} 61. Ke5 {[%emt 0:00:00]} Ke8 {[%emt 0:00:01]} 62. Ke6 {[%emt 0:00:00]} Kf8 {[%emt 0:00:01]} 63. f7 {[%emt 0:00:00]} Kg7 {[%emt 0:00:00]} 64. Ke7 {[%emt 0:00:00]} Kh7 {[%emt 0:00:00]} 65. f8=Q {[%emt 0:00:02]} Kg6 {[%emt 0:00:00]} 66. Qf6+ {[%emt 0:00:01]} Kh5 {[%emt 0:00:00]} 67. Qg7 {[%emt 0:00:01]} Kh4 {[%emt 0:00:01]} 68. Kf6 {[%emt 0:00:00]} Kh3 {[%emt 0:00:00]} 69. Qg1 {[%emt 0:00:01]} Kh4 {[%emt 0:00:01]} 70. Qg2 {[%emt 0:00:00]} Kh5 {[%emt 0:00:01]} 71. Qh3# {[%emt 0:00:00] (Lag: Av=0.91s, max=2.4s) (Lag: Av=0.91s, max=2.4s) (Lag: Av=0.91s, max=2.4s) (Lag: Av=0.91s, max=2.4s) (Lag: Av=0.91s, max=2.4s)} 1-0

[Event "Stay Safe Play From Home 365"]
[Site "Emanuel Lasker Arena"]
[Date "2020.08.07"]
[Round "9"]
[White "Buzaglo"]
[Black "NTBT_DHS"]
[Result "0-1"]
[WhiteElo "1855"]
[BlackElo "2586"]
[Annotator "RC"]
[PlyCount "86"]
[EventDate "2020.08.07"]
[EventType "swiss (blitz)"]

1. d4 {[%emt 0:00:01]} g6 {[%emt 0:00:00]} 2. Nf3 {[%emt 0:00:00]} Bg7 {[%emt 0:00:00]} 3. g3 {[%emt 0:00:00]} Nf6 {[%emt 0:00:00]} 4. Bg2 {[%emt 0:00:00]} O-O {[%emt 0:00:00]} 5. O-O {[%emt 0:00:00]} d5 {[%emt 0:00:00]} 6. c4 {[%emt 0:00:00]} c6 {[%emt 0:00:01]} 7. Nc3 {[%emt 0:00:00]} dxc4 {[%emt 0:00:00]} 8. a4 {[%emt 0:00:01]} Bf5 {[%emt 0:00:02]} 9. Nh4 {[%emt 0:00:01]} Be6 {[%emt 0:00:01]} 10. e4 {[%emt 0:00:01]} Bg4 {[%emt 0:00:01]} 11. f3 {[%emt 0:00:01]} Bc8 {[%emt 0:00:01]} 12. e5 {[%emt 0:00:01]} Nd5 {[%emt 0:00:01]} 13. f4 {[%emt 0:00:02]} Nxc3 {[%emt 0:00:04]} 14. bxc3 {[%emt 0:00:01]} Be6 {[%emt 0:00:00]} 15. Nf3 {[%emt 0:00:01]} Bd5 {[%emt 0:00:01]} 16. Nd2 {[%emt 0:00:02]} e6 {[%emt 0:00:02]} 17. Ne4 {[%emt 0:00:02]} Nd7 {[%emt 0:00:02]} 18. Nd6 {[%emt 0:00:01]} f6 {[%emt 0:00:01]} 19. Nxb7 {[%emt 0:00:01]} Qb6 {[%emt 0:00:00]} 20. Nd6 {[%emt 0:00:02]} fxe5 {[%emt 0:00:00]} 21. fxe5 {[%emt 0:00:01]} Bxe5 {[%emt 0:00:00]} 22. Kh1 {[%emt 0:00:00]} Bxd6 {[%emt 0:00:01]} 23. Bh6 {[%emt 0:00:01]} Rxf1+ {[%emt 0:00:02]} 24. Qxf1 {[%emt 0:00:00]} Bf8 {[%emt 0:00:03]} 25. Bxd5 {[%emt 0:00:02]} cxd5 {[%emt 0:00:01]} 26. Qf3 {[%emt 0:00:03]} Bxh6 {[%emt 0:00:01]} 27. Rf1 {[%emt 0:00:00]} Rf8 {[%emt 0:00:01]} 28. Qg2 {[%emt 0:00:01]} Rxf1+ {[%emt 0:00:00]} 29. Qxf1 {[%emt 0:00:00]} Qb2 {[%emt 0:00:00]} 30. h4 {[%emt 0:00:03]} Qc1 {[%emt 0:00:02]} 31. Kg1 {[%emt 0:00:03]} Qxf1+ {[%emt 0:00:01]} 32. Kxf1 {[%emt 0:00:00]} Bd2 {[%emt 0:00:00]} 33. Ke2 {[%emt 0:00:00]} Bxc3 {[%emt 0:00:00]} 34. g4 {[%emt 0:00:01]} e5 {[%emt 0:00:00]} 35. h5 {[%emt 0:00:00]} exd4 {[%emt 0:00:01]} 36. Kd1 {[%emt 0:00:01]} d3 {[%emt 0:00:00]} 37. g5 {[%emt 0:00:00]} gxh5 {[%emt 0:00:01]} 38. g6 {[%emt 0:00:01]} hxg6 {[%emt 0:00:00]} 39. a5 {[%emt 0:00:01]} h4 {[%emt 0:00:00]} 40. a6 {[%emt 0:00:00]} h3 {[%emt 0:00:00]} 41. Kc1 {[%emt 0:00:01]} h2 {[%emt 0:00:00]} 42. Kb1 {[%emt 0:00:00]} h1=Q+ {[%emt 0:00:00]} 43. Ka2 {[%emt 0:00:00]} Qa1# {[%emt 0:00:00] (Lag: Av=0.84s, max=1.3s) (Lag: Av=0.84s, max=1.3s) (Lag: Av=0.84s, max=1.3s) (Lag: Av=0.84s, max=1.3s) (Lag: Av=0.84s, max=1.3s)} 0-1

[Event "Stay Safe Play From Home 365"]
[Site "Emanuel Lasker Arena"]
[Date "2020.08.07"]
[Round "9"]
[White "Oznog"]
[Black "Ao017545"]
[Result "1-0"]
[WhiteElo "1779"]
[BlackElo "1692"]
[Annotator "NA"]
[PlyCount "81"]
[EventDate "2020.08.07"]
[EventType "swiss (blitz)"]

1. e4 {[%emt 0:00:01]} e5 {[%emt 0:00:00]} 2. Nf3 {[%emt 0:00:01]} Nf6 {[%emt 0:00:00]} 3. d4 {[%emt 0:00:01]} exd4 {[%emt 0:00:02]} 4. e5 {[%emt 0:00:01]} Ne4 {[%emt 0:00:02]} 5. Qxd4 {[%emt 0:00:01]} f5 {[%emt 0:00:02]} 6. exf6 {[%emt 0:00:01]} Nxf6 {[%emt 0:00:02]} 7. Bc4 {[%emt 0:00:01]} Nc6 {[%emt 0:00:00]} 8. Qd1 {[%emt 0:00:04]} Bc5 {[%emt 0:00:02]} 9. O-O {[%emt 0:00:01]} d5 {[%emt 0:00:00]} 10. Re1+ {[%emt 0:00:01]} Kf8 {[%emt 0:00:02]} 11. Bb5 {[%emt 0:00:01]} Bg4 {[%emt 0:00:01]} 12. Nc3 {[%emt 0:00:01]} d4 {[%emt 0:00:04]} 13. Ne4 {[%emt 0:00:03]} Ne5 {[%emt 0:00:05]} 14. Nxc5 {[%emt 0:00:04]} Nxf3+ {[%emt 0:00:03]} 15. gxf3 {[%emt 0:00:00]} Bh3 {[%emt 0:00:03]} 16. Bg5 {[%emt 0:00:04]} h6 {[%emt 0:00:02]} 17. Bxf6 {[%emt 0:00:01]} Qxf6 {[%emt 0:00:00]} 18. Nd7+ {[%emt 0:00:01]} Kf7 {[%emt 0:00:04]} 19. Nxf6 {[%emt 0:00:02]} gxf6 {[%emt 0:00:00]} 20. Qxd4 {[%emt 0:00:01]} Rhg8+ {[%emt 0:00:01]} 21. Qg4 {[%emt 0:00:03]} Bxg4 {[%emt 0:00:03]} 22. fxg4 {[%emt 0:00:01]} Rxg4+ {[%emt 0:00:00]} 23. Kf1 {[%emt 0:00:01]} Rb4 {[%emt 0:00:03]} 24. Bd3 {[%emt 0:00:05]} Rxb2 {[%emt 0:00:00]} 25. Bc4+ {[%emt 0:00:01]} Kg7 {[%emt 0:00:02]} 26. Bb3 {[%emt 0:00:00]} Rd8 {[%emt 0:00:02]} 27. Re7+ {[%emt 0:00:01]} Kg6 {[%emt 0:00:01]} 28. Rxc7 {[%emt 0:00:01]} Kf5 {[%emt 0:00:01]} 29. Rxb7 {[%emt 0:00:01]} Rd2 {[%emt 0:00:01]} 30. Rb5+ {[%emt 0:00:01]} Kf4 {[%emt 0:00:01]} 31. Kg2 {[%emt 0:00:01]} f5 {[%emt 0:00:01]} 32. Re1 {[%emt 0:00:02]} Kg5 {[%emt 0:00:00]} 33. Ree5 {[%emt 0:00:01]} Rb1 {[%emt 0:00:00]} 34. Rxf5+ {[%emt 0:00:01]} Kg6 {[%emt 0:00:02]} 35. Bf7+ {[%emt 0:00:03]} Kg7 {[%emt 0:00:00]} 36. Rb7 {[%emt 0:00:02]} Rdd1 {[%emt 0:00:00]} 37. Bh5+ {[%emt 0:00:02]} Kg8 {[%emt 0:00:00]} 38. Bxd1 {[%emt 0:00:01]} Rxd1 {[%emt 0:00:02]} 39. Rc5 {[%emt 0:00:00]} Rg1+ {[%emt 0:00:00]} 40. Kxg1 {[%emt 0:00:01]} Kf8 {[%emt 0:00:00]} 41. Rc8# {[%emt 0:00:00] (Lag: Av=1.04s, max=10.4s) (Lag: Av=1.04s, max=10.4s) (Lag: Av=1.04s, max=10.4s) (Lag: Av=1.04s, max=10.4s) (Lag: Av=1.04s, max=10.4s)} 1-0

[Event "Stay Safe Play From Home 365"]
[Site "Emanuel Lasker Arena"]
[Date "2020.08.07"]
[Round "9"]
[White "Trotsky"]
[Black "Klasman"]
[Result "1-0"]
[WhiteElo "1578"]
[BlackElo "1405"]
[Annotator "NA"]
[PlyCount "63"]
[EventDate "2020.08.07"]
[EventType "swiss (blitz)"]

1. d4 {[%emt 0:00:01]} f5 {[%emt 0:00:01]} 2. e3 {[%emt 0:00:00]} Nf6 {[%emt 0:00:01]} 3. c4 {[%emt 0:00:01]} e6 {[%emt 0:00:01]} 4. Nc3 {[%emt 0:00:01]} c5 {[%emt 0:00:01]} 5. Bd3 {[%emt 0:00:01]} cxd4 {[%emt 0:00:01]} 6. exd4 {[%emt 0:00:01]} d5 {[%emt 0:00:01]} 7. Be3 {[%emt 0:00:01]} Nc6 {[%emt 0:00:02]} 8. Nf3 {[%emt 0:00:01]} Bb4 {[%emt 0:00:01]} 9. Qc2 {[%emt 0:00:01]} Ne4 {[%emt 0:00:02]} 10. c5 {[%emt 0:00:01]} Qa5 {[%emt 0:00:02]} 11. O-O-O {[%emt 0:00:01]} Bxc3 {[%emt 0:00:03]} 12. bxc3 {[%emt 0:00:01]} Nxc3 {[%emt 0:00:01]} 13. Bd2 {[%emt 0:00:02]} Qa3+ {[%emt 0:00:09]} 14. Qb2 {[%emt 0:00:15]} Nxd1 {[%emt 0:00:08]} 15. Qxa3 {[%emt 0:00:04]} Nxf2 {[%emt 0:00:02]} 16. Re1 {[%emt 0:00:02]} Nxd3+ {[%emt 0:00:01]} 17. Kd1 {[%emt 0:00:03]} Nxe1 {[%emt 0:00:01]} 18. Bxe1 {[%emt 0:00:01]} O-O {[%emt 0:00:01]} 19. Bd2 {[%emt 0:00:02]} Bd7 {[%emt 0:00:02]} 20. Qe3 {[%emt 0:00:01]} Rab8 {[%emt 0:00:01]} 21. Ng5 {[%emt 0:00:01]} Rf6 {[%emt 0:00:02]} 22. Qh3 {[%emt 0:00:01]} h6 {[%emt 0:00:01]} 23. Qh5 {[%emt 0:00:02]} hxg5 {[%emt 0:00:02]} 24. Bxg5 {[%emt 0:00:01]} Rf7 {[%emt 0:00:02]} 25. h4 {[%emt 0:00:01]} Nxd4 {[%emt 0:00:01]} 26. Bf4 {[%emt 0:00:01]} Ba4+ {[%emt 0:00:02]} 27. Ke1 {[%emt 0:00:02]} Rc8 {[%emt 0:00:01]} 28. g4 {[%emt 0:00:01]} Rxc5 {[%emt 0:00:01]} 29. g5 {[%emt 0:00:01]} Rc1+ {[%emt 0:00:01]} 30. Kf2 {[%emt 0:00:01]} Rc2+ {[%emt 0:00:02]} 31. Kg3 {[%emt 0:00:01]} Ne2+ {[%emt 0:00:02]} 32. Kf3 {[%emt 0:00:01] Time Time Time Time Time (Lag: Av=0.37s, max=0.5s) (Lag: Av=0.37s, max=0.5s) (Lag: Av=0.37s, max=0.5s) (Lag: Av=0.37s, max=0.5s) (Lag: Av=0.37s, max=0.5s)} 1-0